=LDR 00000nam 2200000 4500 =001 NUTBA000000000004486 =005 20250312100239 =035 ##$$a 0010-091400000000519 =008 250312################g##########0#ind## =020 ##$$a 978-979-1446-57-0 =040 ##$$a NBPDMAT =082 ##$$a 572 =084 ##$$a 572. Sar b =100 ##$$a Saryono =245 1#$$a Biokimia Hormon /$c Saryono, SKp., MKes. =260 ##$$a Yogyakarta :$b Nuha Medika,$c 2009 =300 ##$$a viii, 120 hlm. : $b ilus. ; $c 21x14 cm. =650 #4$$a Biokimia Hormon =990 ##$$a 214100042 =990 ##$$a 214100043 =990 ##$$a 214100044 =990 ##$$a 214100045 =990 ##$$a 214100046 =990 ##$$a 0001/BPAP-NTB/20142014 =990 ##$$a 21410042 =990 ##$$a 0001/BPAP-NTB/20142015 =990 ##$$a 0001/BPAP-NTB/2015 =990 ##$$a 0001/BPAP-NTB/20142014 =990 ##$$a 214100042 =990 ##$$a 214100043 =990 ##$$a 214100044 =990 ##$$a 214100045 =990 ##$$a 214100046 =990 ##$$a 0001/BPAP-NTB/20142014 =990 ##$$a 21410042 =990 ##$$a 0001/BPAP-NTB/20142015 =990 ##$$a 0001/BPAP-NTB/2015 =990 ##$$a 21410044 =990 ##$$a 214100042 =990 ##$$a 214100043 =990 ##$$a 214100044 =990 ##$$a 214100045 =990 ##$$a 214100046 =990 ##$$a 0001/BPAP-NTB/20142014 =990 ##$$a 0001/BPAP-NTB/20142014 =990 ##$$a 21410042 =990 ##$$a 0001/BPAP-NTB/20142015 =990 ##$$a 21410044 =990 ##$$a 214100042 =990 ##$$a 214100043 =990 ##$$a 214100044 =990 ##$$a 214100045 =990 ##$$a 214100046 =990 ##$$a 0001/BPAP-NTB/20142014 =990 ##$$a 0001/BPAP-NTB/20142014 =990 ##$$a 21410042 =990 ##$$a 0001/BPAP-NTB/20142015 =990 ##$$a 21410046 =990 ##$$a 214100042 =990 ##$$a 214100043 =990 ##$$a 214100044 =990 ##$$a 214100045 =990 ##$$a 214100046 =990 ##$$a 0001/BPAP-NTB/20142014 =990 ##$$a 0001/BPAP-NTB/20142014 =990 ##$$a 21410042 =990 ##$$a 21410044 =990 ##$$a 21410042 =990 ##$$a 214100042 =990 ##$$a 214100043 =990 ##$$a 214100044 =990 ##$$a 214100045 =990 ##$$a 214100046 =990 ##$$a 0001/BPAP-NTB/20142014 =990 ##$$a 0001/BPAP-NTB/20142014 =990 ##$$a 21410046 =990 ##$$a 21410044 =990 ##$$a 21410045 =990 ##$$a 214100042 =990 ##$$a 214100043 =990 ##$$a 214100044 =990 ##$$a 214100045 =990 ##$$a 214100046 =990 ##$$a 0001/BPAP-NTB/20142014 =990 ##$$a 21410042 =990 ##$$a 21410046 =990 ##$$a 21410044 =990 ##$$a 21410043 =990 ##$$a 214100042 =990 ##$$a 214100043 =990 ##$$a 214100044 =990 ##$$a 214100045 =990 ##$$a 214100046 =990 ##$$a 21410045 =990 ##$$a 21410042 =990 ##$$a 21410046 =990 ##$$a 21410044 =990 ##$$a 214100046 =990 ##$$a 214100042 =990 ##$$a 214100043 =990 ##$$a 214100044 =990 ##$$a 214100045 =990 ##$$a 21410043 =990 ##$$a 21410045 =990 ##$$a 21410042 =990 ##$$a 21410046 =990 ##$$a 21410044 =990 ##$$a 214100045 =990 ##$$a 214100042 =990 ##$$a 214100043 =990 ##$$a 214100044 =990 ##$$a 214100046 =990 ##$$a 21410043 =990 ##$$a 21410045 =990 ##$$a 21410042 =990 ##$$a 21410046 =990 ##$$a 21410044 =990 ##$$a 214100044 =990 ##$$a 214100044 =990 ##$$a 214100042 =990 ##$$a 214100042 =990 ##$$a 214100043 =990 ##$$a 214100043 =990 ##$$a 214100045 =990 ##$$a 214100045 =990 ##$$a 214100046 =990 ##$$a 214100046 =990 ##$$a 21410043 =990 ##$$a 21410043 =990 ##$$a 21410045 =990 ##$$a 21410045 =990 ##$$a 21410042 =990 ##$$a 21410042 =990 ##$$a 21410046 =990 ##$$a 21410046 =990 ##$$a 21410044 =990 ##$$a 21410044 =990 ##$$a 214100043 =990 ##$$a 214100042 =990 ##$$a 214100044 =990 ##$$a 214100045 =990 ##$$a 214100046 =990 ##$$a 21410043 =990 ##$$a 21410045 =990 ##$$a 21410042 =990 ##$$a 21410046 =990 ##$$a 21410044 =990 ##$$a 214100042 =990 ##$$a 214100043 =990 ##$$a 214100044 =990 ##$$a 214100045 =990 ##$$a 214100046 =990 ##$$a 21410043 =990 ##$$a 21410045 =990 ##$$a 21410042 =990 ##$$a 21410046 =990 ##$$a 21410044